| 000 | 00479nam a22001697a 4500 | ||
|---|---|---|---|
| 999 |
_c3880 _d3880 |
||
| 008 | 200706b ||||| |||| 00| 0 eng d | ||
| 082 | 0 | 0 |
_a627.2 _bC818 |
| 100 |
_93198 _aCornick, Henry F. |
||
| 245 | 1 | 0 |
_aDock and harbour engineering, Vol - II _cby Henry F. Cornick |
| 250 | _a3rd ed. | ||
| 260 |
_aLondon _bGriffin _c1959 |
||
| 300 | _axvi,344 p. | ||
| 365 | _d100.80 | ||
| 505 | 0 | _aVol - II - The design of harbours | |
| 650 | 0 | _aHarbors Design and Construction | |
| 942 | _cBK | ||